000 02691cam a22005534i 4500
003 PE-LiUPU
005 20250731173554.0
008 150616s r 000 0 d
020 _a9505733690
035 _a(Sirsi) i9789505733699
040 _aPE-LiUPU
_bspa
_cPE-LiUPU
_erda
049 _aPRUA
082 0 4 _a253.7
_bF541993
_221
100 1 _aFinley, Mark,
_d1945-,
_eautor.
245 1 0 _aDecisiones :
_bcómo persuadir a la gente en favor de Cristo /
_cMark Finley.
264 1 _aBuenos Aires :
_bAsociación Casa Editora Sudamericana,
_c1993.
300 _a81 páginas ;
_c21 centímetros
336 _atext
_2rdacontent
337 _aunmediated
_2rdamedia
338 _avolume
_2rdacarrier
500 _aOtra ed.: 1984 (inglés).
504 _aBibliografía: páginas 81.
505 0 _aEl ABC de la decisión.- El poder vivificante de la palabra.- Cómo funciona la mente.- Cómo avivar la llama del deseo.- Una decisión trascendental.- Nadie vive para sí.- El más importante de mis prójimos.- Claro y definido.- El idioma de los llamados.- El poder de la oración intercesora.- Cómo ayudar a la gente a vencer los hábitos malsanos.- Cómo conservar lo que se ha ganado.- Lo menos que se puede pedir.
526 _aSEG42
526 _aSEG41
526 _aSEG40
526 _aSEG39
526 _aP94
526 _aP87
526 _aP86
526 _aP85
526 _aP77
526 _aP76
526 _aP35
650 0 4 _aEvangelismo.
_9953
910 _ajck
_bjvq
_cjck
942 _2ddc
_cBOOK
949 _a253.7 F54 1993
_wDEWEY
_c1
_i43413
_lCCODEBUL1
_mBUL
_r0
_sY
_tBOOK
_u2015-6-16
_xTEOLOGIA
_zUNKNOWN
_0COMPRA
_o.STAFF. Colección General
949 _a253.7 F54 1993
_wDEWEY
_c2
_i50007
_lILL
_mBUL
_r0
_sY
_tBOOK
_u2015-4-23
_xBIBLIOTECA
_zUNKNOWN
_0COMPRA
_o.STAFF. Colección General
949 _a253.7 F54 1993
_wDEWEY
_c3
_i50008
_d2016-4-24
_e2016-4-21
_lILL
_mBUL
_n1
_r0
_sY
_tBOOK
_u2015-4-23
_xBIBLIOTECA
_zUNKNOWN
_0COMPRA
_o.STAFF. Colección General
994 _aC0
_bPEPRU
596 _a1
999 _a253.7 F54 1993
_wDEWEY
_c61379
_i43413
_d61379
_e2018-6-20
_f2021-11-12
_g4
_lCCODEBUL1
_mBUL
_n1
_q4
_r0
_sY
_tBOOK
_u2015-6-16
_xTEOLOGIA
_zUNKNOWN
_0COMPRA
_o.STAFF. Colección General
999 _a253.7 F54 1993
_wDEWEY
_c2
_i50007
_lILL
_mBUL
_r0
_sY
_tBOOK
_u2015-4-23
_xBIBLIOTECA
_zUNKNOWN
_0COMPRA
_o.STAFF. Colección General
999 _a253.7 F54 1993
_wDEWEY
_c3
_i50008
_d2016-4-24
_e2016-4-21
_lILL
_mBUL
_n1
_r0
_sY
_tBOOK
_u2015-4-23
_xBIBLIOTECA
_zUNKNOWN
_0COMPRA
_o.STAFF. Colección General
980 _81
_gALBERTO SANCHEZ Responsable de Automatización